Modern chemical analysis and instrumentation (Record no. 26465)

MARC details
000 -LEADER
fixed length control field 00348nam a2200133Ia 4500
082 ## - DEWEY DECIMAL CLASSIFICATION NUMBER
Classification number 543.08
Item number WAL
100 ## - MAIN ENTRY--AUTHOR NAME
Personal name Reyes, J
245 #0 - TITLE STATEMENT
Title Modern chemical analysis and instrumentation
260 ## - PUBLICATION, DISTRIBUTION, ETC. (IMPRINT)
Place of publication New York
Name of publisher Dekker
Year of publication 1973
650 ## - SUBJECT ADDED ENTRY--TOPICAL TERM
Topical Term Chemical analysis
700 ## - ADDED ENTRY--PERSONAL NAME
Personal name Walton, Harold F
942 ## - ADDED ENTRY ELEMENTS (KOHA)
Koha item type Books
Holdings
Withdrawn status Lost status Damaged status Not for loan Home library Current library Date acquired Cost, normal purchase price Full call number Accession Number Koha item type
        RRII Library RRII Library 16/12/2021 13.50 543.08 WAL 07098 Books